Borús nap

Bibliographic Details
Main Author: Tarján, Iza (Author)
Other Authors: Aranyossy, György (Illustrator)
Format: Article
Language:Hungarian
Subjects:

MARC

LEADER 00000nab a2200000 a 4500
001 vtls000574850
003 SK-MaSNL
005 20260303013122.0
008 160202c1996 xo 0 hun
015 |a SNBRB19rr/mm-uuuuu 
035 |a CL0574988 
040 |a SNKBUCL  |b slo  |c SNKBUCL  |e AACR2 
041 0 |a hun 
044 |a xo  |c SK 
080 |a 894.511-3(087.5)=945.11  |2 1981 
100 1 |a Tarján, Iza  |4 aut  |9 993535 
245 1 0 |a Borús nap  |c Iza Tarján ; Illusztr. György Aranyossy 
650 0 7 |a rozprávky autorské  |2 snkbucl  |9 315429 
655 7 |a články z novín a časopisov  |2 snkbucl  |9 267496 
655 7 |a články z odboru literárna veda a krásna literatúra  |2 snkbucl  |9 770045 
700 1 |a Aranyossy, György  |4 ill  |9 990140 
773 0 |t Tücsök  |g Roč. 6, č. 2 (1995/1996), s. 4-5 
850 |a Slovenská národná knižnica v Martine  |a DSG001 
852 |a SNK  |b KIS3GCP 
958 |a RK 
958 |a HU 
958 |a LX 
992 |a RBX 
999 |c 1600821  |d 1602751